Statistics for MTG Commander Banlist

Click here to take the quiz!

General Stats

  • This quiz has been taken 23 times
    (22 since last reset)
  • The average score is 20 of 45

Answer Stats

Mana CostAnswer% Correct
UAncestral Recall
81%
0Mox Emerald
81%
0Mox Ruby
81%
0Mox Sapphire
81%
0Mox Pearl
75%
0Black Lotus
69%
5Golos, Tireless Pilgrim
69%
4BBBBGriselbrand
69%
0Mox Jet
69%
1UTime Walk
69%
1WBalance
63%
3WUBRGCoalition Victory
63%
15Emrakul, the Aeons Torn
63%
1U/R U/RLutri, the Spellchaser
56%
6GGBiorhythm
50%
GGChannel
50%
5Paradox Engine
50%
2BBBraids, Cabal Minion
44%
GFastbond
44%
2UHullbreacher
44%
BGULeovold, Emissary of Trest
44%
3GUProphet of Kruphix
44%
LandTolarian Academy
44%
4BBYawgmoth's Bargain
44%
1UFlash
38%
LandLibrary of Alexandria
38%
5GGPrimeval Titan
38%
2Time Vault
38%
1UUTrade Secrets
38%
2Chaos Orb
31%
3UGifts Ungiven
31%
LandKarakas
31%
WLimited Resources
31%
GGRofellos, Llanowar Emissary
31%
WWShahrazad
31%
8UUSway of the Stars
31%
5GGSylvan Primordial
31%
2RFalling Star
25%
6WWWIona, Shield of Emeria
25%
1UErayo, Soratami Ascendant
19%
5Panoptic Mirror
19%
2BRecurring Nightmare
19%
8Sundering Titan
19%
2UTinker
13%
4UUUpheaval
6%

Score Distribution

Percentile by Number Answered

Percent of People with Each Score

Your Score History

You have not taken this quiz since the last reset